[Event "Wch U12 Girls"]
[Site "Montesilvano"]
[Date "2024.11.25"]
[Round "10"]
[White "Tu, Audrey"]
[Black "Chichinadze, Anastasia"]
[Result "0-1"]
[WhiteElo "1765"]
[BlackElo "1682"]
[PlyCount "112"]
[EventDate "2024.11.15"]
[EventType "swiss"]
[EventRounds "11"]
[EventCountry "ITA"]
[SourceTitle "CB48_2024"]
[SourceDate "2024.11.28"]
[SourceVersion "1"]
[SourceVersionDate "2024.11.28"]
[SourceQuality "1"]

1. e4 e5 2. Nf3 Nc6 3. Bb5 a6 4. Ba4 Nf6 5. d3 b5 6. Bb3 Bc5 7. c3 h6 8. 0-0 0-0 9. Re1 d6 10. d4 Bb6 11. h3 Re8 12. a4 Na5 13. Bc2 exd4 14. cxd4 Bb7 15. Nbd2 Nc6 16. Nf1 Nb4 17. Ng3 Nxc2 18. Qxc2 Qd7 19. a5 Ba7 20. b4 Nxe4 21. Nxe4 Qf5 22. Nh4 Bxe4 23. Qxc7 Qf6 24. Nf3 Rec8 25. Qd7 Bxf3 26. gxf3 Bxd4 27. Ra3 Bc3 28. Rd1 Bxb4 29. Rad3 Rxc1 30. Rxc1 Qg5+ 31. Kh2 Qxc1 32. Re3 Qc8 33. Qe7 Bc5 34. Re2 b4 35. Qe4 Rb8 36. Qd5 Qc7 37. Rc2 b3 38. Rb2 Qxa5 39. Rxb3 Rxb3 40. Qxb3 Qd2 41. Qb8+ Kh7 42. Qb1+ g6 43. Qg1 Qxf2+ 44. Qxf2 Bxf2 45. Kg2 Bd4 46. Kf1 a5 47. Ke1 a4 48. f4 a3 49. f5 a2 50. fxg6+ Kxg6 51. h4 a1Q+ 52. Ke2 Qc3 53. h5+ Kf5 54. Kf1 Qc2 55. Ke1 d5 56. Kf1 Qf2# 0-1

[Event "Wch U12 Girls"]
[Site "Montesilvano"]
[Date "2024.11.17"]
[Round "3"]
[White "Liu, Jingyu"]
[Black "Chichinadze, Anastasia"]
[Result "0-1"]
[WhiteElo "1680"]
[BlackElo "1682"]
[PlyCount "64"]
[EventDate "2024.11.15"]
[EventType "swiss"]
[EventRounds "11"]
[EventCountry "ITA"]
[SourceTitle "CB48_2024"]
[SourceDate "2024.11.28"]
[SourceVersion "1"]
[SourceVersionDate "2024.11.28"]
[SourceQuality "1"]

1. d4 Nf6 2. c4 e6 3. Nc3 Bb4 4. e3 Bxc3+ 5. bxc3 d6 6. g3 0-0 7. Bg2 e5 8. Ne2 Nc6 9. Ba3 Re8 10. Rb1 e4 11. 0-0 Rb8 12. d5 Ne5 13. Qa4 Bg4 14. Nd4 Qc8 15. Rb2 Nf3+ 16. Kh1 Nxd4 17. cxd4 Bf3 18. Kg1 Qf5 19. h3 h5 20. Qc2 h4 21. Kh2 Bxg2 22. Kxg2 Qf3+ 23. Kg1 hxg3 24. fxg3 Qxe3+ 25. Qf2 Qxa3 26. Rb3 Qa4 27. g4 Qd7 28. g5 Nh5 29. Qh4 g6 30. Re3 Re7 31. Kg2 Qa4 32. Rc3 e3 0-1

[Event "Wch U12 Girls"]
[Site "Montesilvano"]
[Date "2024.11.15"]
[Round "1"]
[White "Hanya, Shah"]
[Black "Chichinadze, Anastasia"]
[Result "1/2-1/2"]
[WhiteElo "1888"]
[BlackElo "1682"]
[PlyCount "87"]
[EventDate "2024.11.15"]
[EventType "swiss"]
[EventRounds "11"]
[EventCountry "ITA"]
[SourceTitle "CB48_2024"]
[SourceDate "2024.11.28"]
[SourceVersion "1"]
[SourceVersionDate "2024.11.28"]
[SourceQuality "1"]

1. c4 c5 2. Nc3 g6 3. g3 Bg7 4. Bg2 Nc6 5. Nf3 Nf6 6. 0-0 0-0 7. d4 cxd4 8. Nxd4 a6 9. Bg5 Qb6 10. Nxc6 dxc6 11. Qc2 Qc5 12. Bxf6 exf6 13. Na4 Qe5 14. Rad1 Bg4 15. Rfe1 Rad8 16. c5 Qe6 17. b3 Bh3 18. Nb6 Bxg2 19. Kxg2 f5 20. e3 Qe4+ 21. Qxe4 fxe4 22. Nd7 Rfe8 23. Rd6 Be5 24. Rdd1 Bc3 25. Re2 Kg7 26. Rc2 Re7 27. Rxc3 Rexd7 28. Rxd7 Rxd7 29. Rc4 f5 30. Kf1 Kf6 31. Ke2 g5 32. Rb4 Ke5 33. h3 h6 34. Rc4 Rd5 35. g4 f4 36. exf4+ gxf4 37. f3 exf3+ 38. Kxf3 Rd3+ 39. Kg2 Rd2+ 40. Kf3 Rd3+ 41. Kg2 Rd2+ 42. Kf3 Rd3+ 43. Kg2 Rd2+ 44. Kf3 1/2-1/2

[Event "GEO World Cup Final U12 Girls"]
[Site "Batumi"]
[Date "2024.07.02"]
[Round "3"]
[White "Chichinadze, Anastasia"]
[Black "Gao, Lilianna"]
[Result "1-0"]
[WhiteElo "1706"]
[BlackElo "1646"]
[PlyCount "119"]
[EventDate "2024.07.01"]
[EventType "match"]
[EventRounds "6"]
[EventCountry "GEO"]
[SourceTitle "EXT 2025"]
[Source "ChessBase"]
[SourceDate "2024.10.14"]
[SourceVersion "1"]
[SourceVersionDate "2024.10.14"]
[SourceQuality "1"]

1. e4 c5 2. Nc3 Nc6 3. g3 g6 4. Bg2 Bg7 5. d3 d6 6. Be3 e6 7. Qd2 Rb8 8. Nge2 Nd4 9. 0-0 Ne7 10. Nc1 b5 11. Nd1 e5 12. c3 Ne6 13. Ne2 Qb6 14. f4 f5 15. Nf2 0-0 16. fxe5 dxe5 17. b4 Qd6 18. bxc5 Nxc5 19. d4 exd4 20. cxd4 Ne6 21. Rac1 Rd8 22. Rfd1 Bb7 23. d5 Nf8 24. Bxa7 Rbc8 25. Bd4 fxe4 26. Nxe4 Qa6 27. Bxg7 Kxg7 28. Qd4+ Kg8 29. Nf6+ Kf7 30. Rf1 Nf5 31. Rxf5 gxf5 32. Nh5 Qh6 33. Nhf4 Rxc1+ 34. Nxc1 Ng6 35. Qb6 Rd7 36. Qe6+ Kf8 37. Qxd7 Nxf4 38. Qxf5+ Ke7 39. Qxf4 Qb6+ 40. Qf2 Qc7 41. Nd3 Qd6 42. Qc5 Bxd5 43. Bxd5 Qxc5+ 44. Nxc5 Kd6 45. Bg8 Kxc5 46. Bxh7 Kc4 47. Bg8+ Kc3 48. h4 b4 49. h5 Kb2 50. h6 b3 51. Bxb3 Kc3 52. h7 Kb2 53. h8Q+ Ka3 54. Qb8 Kb2 55. Be6+ Kc2 56. Qb3+ Kd2 57. Kf2 Kc1 58. Bf5 Kd2 59. g4 Kc1 60. Qc2# 1-0

[Event "GEO World Cup Final U12 Girls"]
[Site "Batumi"]
[Date "2024.07.01"]
[Round "1"]
[White "Chichinadze, Anastasia"]
[Black "Gao, Lilianna"]
[Result "0-1"]
[WhiteElo "1706"]
[BlackElo "1646"]
[PlyCount "64"]
[EventDate "2024.07.01"]
[EventType "match"]
[EventRounds "6"]
[EventCountry "GEO"]
[SourceTitle "EXT 2025"]
[Source "ChessBase"]
[SourceDate "2024.10.14"]
[SourceVersion "1"]
[SourceVersionDate "2024.10.14"]
[SourceQuality "1"]

1. e4 c5 2. Nc3 Nc6 3. g3 g6 4. Bg2 Bg7 5. d3 d6 6. Be3 e6 7. Qd2 Rb8 8. Nge2 Nd4 9. Nd1 b5 10. 0-0 Ne7 11. Nc1 e5 12. c3 Ndc6 13. Ne2 Qb6 14. f4 b4 15. Bf2 0-0 16. Ne3 bxc3 17. bxc3 Qb2 18. Qd1 Be6 19. Nc4 Bxc4 20. dxc4 exf4 21. gxf4 Rfd8 22. Qd3 Qa3 23. Bh4 Rb2 24. f5 Bh6 25. fxg6 hxg6 26. Bxe7 Nxe7 27. e5 Rd2 28. Qf3 Nf5 29. Ng3 Rxg2+ 30. Kxg2 Nh4+ 31. Kf2 Nxf3 32. Kxf3 Qxc3+ 0-1

[Event "GEO World Cup-A U12 Girls"]
[Site "Batumi"]
[Date "2024.06.28"]
[Round "6"]
[White "Chichinadze, Anastasia"]
[Black "Sevastsyanchuk, Anastasiya"]
[Result "0-1"]
[WhiteElo "1724"]
[BlackElo "1531"]
[PlyCount "82"]
[EventDate "2024.06.23"]
[EventType "swiss"]
[EventRounds "7"]
[EventCountry "GEO"]
[SourceTitle "EXT 2025"]
[Source "ChessBase"]
[SourceDate "2024.10.14"]
[SourceVersion "1"]
[SourceVersionDate "2024.10.14"]
[SourceQuality "1"]

1. e4 c6 2. d4 d5 3. Nd2 dxe4 4. Nxe4 Bf5 5. Ng3 Bg6 6. Bc4 Nf6 7. N1e2 Nbd7 8. Nf4 e5 9. Nxg6 hxg6 10. 0-0 Bd6 11. Re1 Qc7 12. c3 0-0-0 13. d5 Nb6 14. Bb3 cxd5 15. Be3 Nc4 16. Bxc4 dxc4 17. Qa4 b6 18. b3 cxb3 19. axb3 Kb8 20. Re2 Rd7 21. c4 Bc5 22. Bxc5 Qxc5 23. Ne4 Qc7 24. Nc3 e4 25. g3 Re7 26. Nb5 Qd7 27. h4 g5 28. Qb4 a5 29. Qc3 gxh4 30. Qe3 Qe6 31. Nd4 Qc8 32. Qf4+ Ka8 33. Nf5 hxg3 34. fxg3 Qc5+ 35. Kg2 Qe5 36. Qf1 Ng4 37. Rae1 Rh2+ 38. Kg1 Qc5+ 39. Ne3 Qh5 40. Nxg4 Rh1+ 41. Kg2 Qh3+ 0-1

[Event "Wch U12 Girls rapid"]
[Site "Batumi"]
[Date "2023.06.07"]
[Round "6"]
[White "Gulishyan, Eseniya"]
[Black "Chichinadze, Anastasia"]
[Result "0-1"]
[WhiteElo "1269"]
[BlackElo "1315"]
[PlyCount "98"]
[EventDate "2023.06.06"]
[EventType "swiss (rapid)"]
[EventRounds "11"]
[EventCountry "GEO"]
[SourceTitle "EXT 2024"]
[Source "ChessBase"]
[SourceDate "2023.10.10"]
[SourceVersion "1"]
[SourceVersionDate "2023.10.10"]
[SourceQuality "1"]
[WhiteTeam "FIDE"]
[BlackTeam "Georgia"]
[BlackTeamCountry "GEO"]

1. f4 d5 2. Nf3 Nc6 3. e3 Nf6 4. d4 e6 5. c3 Bd6 6. Bd3 0-0 7. Nbd2 a5 8. a4 Bd7 9. 0-0 Ne7 10. Ne5 Ng6 11. Qf3 c5 12. Qh3 Qe8 13. g4 Bxa4 14. g5 Ne4 15. Nxe4 dxe4 16. Bxe4 Bxe5 17. fxe5 Bc6 18. Bxg6 hxg6 19. Qh4 Qd7 20. Rf4 cxd4 21. exd4 Qd5 22. Qh3 Qh1+ 23. Kf2 Qd1 24. Rh4 Qc2+ 25. Ke1 f5 26. Rf4 Qg2 27. Qh4 Bf3 28. Qf2 Qh1+ 29. Kd2 Qd1+ 30. Ke3 Be4 31. Qd2 Qg1+ 32. Qf2 Qxg5 33. Ke2 Qg2 34. Be3 Qxf2+ 35. Bxf2 g5 36. Rxe4 fxe4 37. Rg1 Rf5 38. Be3 Raf8 39. Bxg5 Rf2+ 40. Ke1 Rxb2 41. Kd1 Rb1+ 42. Bc1 Rf2 43. c4 e3 44. d5 e2+ 45. Kd2 exd5 46. e6 Rxh2 47. e7 e1Q+ 48. Kd3 Qe4+ 49. Kc3 Rc2# 0-1

[Event "Wch U10 Girls"]
[Site "Batumi"]
[Date "2022.09.24"]
[Round "8"]
[White "Chichinadze, Anastasia"]
[Black "Kovalenko, Taisiya"]
[Result "1-0"]
[WhiteElo "1220"]
[BlackElo "1317"]
[PlyCount "133"]
[EventDate "2022.09.16"]
[EventType "swiss"]
[EventRounds "11"]
[EventCountry "GEO"]
[SourceTitle "EXT 2023"]
[Source "ChessBase"]
[SourceDate "2022.10.05"]
[SourceVersion "1"]
[SourceVersionDate "2022.10.05"]
[SourceQuality "1"]

1. e4 c5 2. Nc3 Nc6 3. g3 g6 4. Bg2 Bg7 5. d3 e6 6. Nge2 Nge7 7. Be3 Nd4 8. 0-0 d6 9. Qd2 a6 10. Nc1 Nec6 11. Nd1 Ne5 12. f4 Ng4 13. c3 Nc6 14. Qe2 Nxe3 15. Nxe3 0-0 16. f5 Rb8 17. Qf2 Bf6 18. Nb3 b5 19. Rad1 a5 20. Ng4 Ne5 21. Nxe5 Bxe5 22. f6 a4 23. Nc1 d5 24. Qxc5 Bxf6 25. exd5 Be7 26. Qd4 exd5 27. Qxd5 Qb6+ 28. d4 Bb7 29. Qe5 Rbe8 30. Bxb7 Qxb7 31. Qf4 Qd5 32. Qf3 Qc4 33. Qd3 Qd5 34. Rde1 Bg5 35. a3 h5 36. Re2 h4 37. Rfe1 h3 38. Qc2 Qg2+ 39. Rxg2 Rxe1+ 40. Kf2 Rxc1 41. Qd3 hxg2 42. Kxg2 Rb8 43. Qe4 Bh6 44. Qe5 Rc2+ 45. Kh3 Rf8 46. Qxb5 f5 47. Qxa4 Rxb2 48. Qc6 Kg7 49. Qc7+ Kg8 50. Qe5 Bg7 51. Qe6+ Kh7 52. Qe7 Rf6 53. Kh4 Kh6 54. g4 g5+ 55. Kg3 fxg4 56. Kxg4 Rg2+ 57. Kh3 Rg1 58. Qe3 Rf3+ 59. Qxf3 g4+ 60. Qxg4 Rxg4 61. Kxg4 Kg6 62. a4 Bf6 63. h4 Bd8 64. c4 Kf6 65. h5 Kg7 66. c5 Bc7 67. d5 1-0

[Event "Wch U10 Girls"]
[Site "Batumi"]
[Date "2022.09.17"]
[Round "2"]
[White "Chichinadze, Anastasia"]
[Black "Xu, Luna Yuexiu"]
[Result "1-0"]
[WhiteElo "1220"]
[BlackElo "1421"]
[PlyCount "87"]
[EventDate "2022.09.16"]
[EventType "swiss"]
[EventRounds "11"]
[EventCountry "GEO"]
[SourceTitle "EXT 2023"]
[Source "ChessBase"]
[SourceDate "2022.10.05"]
[SourceVersion "1"]
[SourceVersionDate "2022.10.05"]
[SourceQuality "1"]

1. e4 c5 2. Nc3 Nc6 3. g3 g6 4. Bg2 Bg7 5. Nge2 Nf6 6. d3 d6 7. 0-0 0-0 8. h3 e5 9. Be3 Ne7 10. f4 Nd7 11. Kh2 f5 12. a4 a6 13. a5 Nc6 14. exf5 gxf5 15. fxe5 Ndxe5 16. Qd2 Be6 17. Nf4 Bf7 18. Bd5 Bxd5 19. Ncxd5 Re8 20. Nb6 Rb8 21. Nh5 Qe7 22. Nxg7 Qxg7 23. Rxf5 Rf8 24. Raf1 Rxf5 25. Rxf5 Qg6 26. Qf2 Qe6 27. Rf6 Qe7 28. Bh6 Nd4 29. Nd5 Nef3+ 30. Rxf3 Nxf3+ 31. Qxf3 Qf7 32. Nf6+ Kh8 33. Qf4 Rf8 34. Bxf8 Qxf8 35. Nh5 Qe7 36. Qf6+ Qxf6 37. Nxf6 Kg7 38. Ne4 Kf7 39. Nxd6+ Ke6 40. Nxb7 Kd5 41. g4 Kc6 42. Nd8+ Kb5 43. g5 Kxa5 44. h4 1-0